Actors who worked with Andy Muschietti - Statistics

General Stats
  • This quiz has been taken 24 times
  • The average score is 12 of 35
Answer Stats
Films Answer % Correct
The Flash Ezra Miller
76%
It, It Chapter Two Bill Skarsgard
71%
It Chapter Two, Mama Jessica Chastain
71%
The Flash Michael Keaton
71%
It Chapter Two Bill Hader
59%
It, It Chapter Two Finn Wolfhard
59%
The Flash Ben Affleck
53%
It Chapter Two James McAvoy
53%
The Flash Gal Gadot
41%
It, It Chapter Two Jaeden Martell
41%
The Flash Michael Shannon
41%
It, It Chapter Two Jack Dylan Grazer
35%
The Flash Nicolas Cage
35%
The Flash George Clooney
29%
It Chapter Two Isaiah Mustafa
29%
The Flash, Mama Nikolaj Coster-Waldau
29%
The Flash Sasha Calle
29%
It, It Chapter Two Wyatt Oleff
29%
It Chapter Two Andy Bean
24%
The Flash Antje Traue
24%
It Chapter Two James Ransone
24%
The Flash Jason Momoa
24%
The Flash Jeremy Irons
24%
It, It Chapter Two Jeremy Ray Taylor
24%
The Flash Kiersey Clemons
24%
The Flash Maribel Verdú
24%
The Flash Ron Livingston
24%
It, It Chapter Two Sophia Lillis
24%
It Chapter Two Xavier Dolan
24%
It, It Chapter Two Chosen Jacobs
18%
It Chapter Two Jay Ryan
18%
It, It Chapter Two Nicholas Hamilton
18%
The Flash Temuera Morrison
18%
It, Mama Isabelle Nélisse
12%
It, It Chapter Two, Mama Megan Charpentier
12%
No matching quizzes found
Score Distribution
Percent of People with Each Score
Percentile by Number Answered
Your Score History
You have not taken this quiz